| 000 | 00627nam a2200205 i 4500 | ||
|---|---|---|---|
| 001 | bgj | ||
| 100 | 1 |
_aORWELL, George _d(1903-1950) |
|
| 245 | 0 |
_aAnimal farm : _ba fairy story / _cGeorge Orwell. |
|
| 260 |
_aLondon [etc.] : _bPenguin Books, _c1989= _bMartin Secker & Warburg Ltd. |
||
| 300 |
_aVIII, 94, [1] ; _c18 cm. |
||
| 501 | _ain association with Martin Secker & Warburg Ltd. | ||
| 650 | 9 |
_aEnglish fiction _y20th century |
|
| 710 | _aMartin Secker & Warburg Ltd | ||
| 020 | _a0140126708 | ||
| 040 | _cBPK | ||
| 041 | 0 | _aeng | |
| 920 | _a0-14-012670-8 | ||
| 942 | _cKS | ||
| 008 | s uk f |000 0 eng | ||
| 999 |
_c47771 _d47771 |
||
| 856 |
_uhttp://koha.tu.koszalin.pl/cgi-bin/koha/opac-detail.pl?biblionumber=47771 _yKatalog online BPK |
||